| 000 | 00557nam a2200205Ia 4500 | ||
|---|---|---|---|
| 005 | 20251020182533.0 | ||
| 008 | 200515s9999 xx 000 0 und d | ||
| 082 | _a712.368/L23 | ||
| 100 | _aLANCASTER, Roy BIGGS, Mattew | ||
| 245 | 0 | _aQué planta de interior en que lugar | |
| 260 | _aBarcelona | ||
| 260 | _c1999 | ||
| 500 | _a1 ejemplar | ||
| 520 | _aGuía creativa para escoger las plantas más adecuadas para cada zona de su casa | ||
| 650 | _aJARDINES | ||
| 650 | _aLIB | ||
| 650 | _aPLANTAS | ||
| 650 | _aPLANTAS DE INTERIOR | ||
| 942 | _cLIB | ||
| 999 |
_c2134 _d2134 |
||